Statistics for Star Wars

Click here to take the quiz!

General Stats

  • This quiz has been taken 256 times
    (248 since last reset)
  • The average score is 6 of 8

Answer Stats

QuestionAnswer% Correct
Did George Lucas direct all fo the 6 films?No
98%
What was Darth Vador's name before his fall to the dark side?Anakin
93%
Who killed Emperor Palpatine?Darth Vader
89%
What planet did Luke grow up on?Tatooine
88%
What is the name of Han Solo's ship?Millenium Falcon
80%
How old was Yoda when he died?900
76%
What species was Count Dooku?Human
73%
What two people are the only characters to be in all 6 films?C3PO R2D2
52%

Score Distribution

Percentile by Number Answered

Percent of People with Each Score

Your Score History

You have not taken this quiz since the last reset